Statystyki dla Czy rozpoznasz piłkarza po zdjęciu?

Kliknij tutaj aby rozwiązać quiz!

Ogólne statystyki

  • Ten quiz został rozwiązany 500 razy
  • Średni wynik to 6 z 10

Statystyki odpowiedzi

Odpowiedź% Poprawnych
Cristiano Ronaldo
97%
Lionel Messi
94%
Robert Lewandowski
78%
Wojciech Szczęsny
70%
Marcelo Vieira
66%
Kylian Mbappe
56%
Marco Reus
43%
Antoine Griezmann
39%
Paulo Dybala
30%
Xherdan Shaqiri
27%

Rozkład punktacji

Percentyl według liczby udzielonych odpowiedzi

Procent ludzi z każdym wynikiem

Twoja historia wyników

Nie rozwiązałeś tego quizu